| 000 | 00488nam a2200181 a 4500 | ||
|---|---|---|---|
| 005 | 20140310183137.0 | ||
| 008 | 020823s19uu xx 00 eng d | ||
| 020 | _a9719143258 | ||
| 050 |
_aHF 5415.13 _b.M672 1997 |
||
| 100 | _aMiranda, Gregorio S. | ||
| 245 |
_aBasic marketing / _cGregorio S. Miranda. |
||
| 260 |
_aPhilippines : _bL & G Business House, _c1997. |
||
| 300 |
_a334 p. : _c25 cm. |
||
| 521 | _aBSBA | ||
| 650 | _aMarketing | ||
| 942 |
_cBK _2lcc _kLOC |
||
| 999 |
_c19312 _d19312 |
||